[Event "Gent op"]
[Site "Gent"]
[Date "1992.??.??"]
[Round "6"]
[White "Knoppert, Erik G J"]
[Black "Vanderwaeren, Serge"]
[Result "0-1"]
[WhiteElo "2345"]
[BlackElo "2310"]

1.e4 c5 2.Ne2 Nc6 3.d4 cxd4 4.Nxd4 e6 5.Nc3 a6 6.Be2 Nge7 7.Nb3 Ng6 8.O-O Be7
9.f4 d6 10.f5 Nge5 11.fxe6 Bxe6 12.Nd5 O-O 13.Be3 Bg5 14.Bb6 Qd7 15.Kh1 Rac8
16.c3 Ne7 17.Na5 N7c6 18.Nc4 Nxc4 19.Bxc4 Ne5 20.Be2 Rfe8 21.Bd4 Qc6 22.Bh5 g6
23.Bf3 Bxd5 24.exd5 Qb5 25.a4 Qd3 26.Qb3 Rc7 27.Qb6 Rd7 28.Rfe1 Bf6 29.Bg4 Bd8
30.Qb4 f5 31.Be2 Qd2 32.Bf1 Bf6 33.a5 Rf8 34.Rad1 Qh6 35.Be3 Bg5 36.Bxg5 Qxg5
37.Qd4 f4 38.c4 f3 39.c5 Rdf7 40.cxd6 fxg2+ 41.Bxg2 Ng4 42.Kg1 Nf2 43.Rd2 Rf4
44.Qe3 Re4 45.Qxf2 Rxf2  0-1

[Event "Gent op"]
[Site "Gent"]
[Date "1992.??.??"]
[Round "8"]
[White "Klundt, Klaus"]
[Black "Vanderwaeren, Serge"]
[Result "1/2-1/2"]
[WhiteElo "2415"]
[BlackElo "2310"]

1.e4 c5 2.Nf3 e6 3.d4 cxd4 4.Nxd4 Nc6 5.Nc3 a6 6.Nxc6 bxc6 7.Bd3 d5 8.O-O Nf6
9.Qe2 Be7 10.b3 O-O 11.Bb2 Nd7 12.Na4 Bf6 13.e5 Be7 14.f4 Nb6 15.Nxb6 Qxb6+
16.Kh1 g6 17.Rf3 Ra7 18.h4 Bxh4 19.g4 f5 20.Rg1 Bd8 21.Rh3 fxg4 22.Rxg4 Rg7
23.Qh2 Rf5 24.Bxf5 exf5 25.Rg1 Be6 26.Qd2 Rd7 27.Qh2 Rg7 28.Qd2 Be7 29.Bc3 c5
30.Kh2 Bf8 31.Rd3 Qb7 32.Qg2 Rd7 33.Rgd1 Bh6 34.Bd2 Qc7  1/2-1/2

[Event "Oberliga Nord N9192"]
[Site "Germany"]
[Date "1992.??.??"]
[Round "?"]
[White "Hansen, Mads Smith"]
[Black "Chuchelov, Vladimir"]
[Result "0-1"]
[WhiteElo "2340"]
[BlackElo "2490"]

1.e4 c5 2.Nf3 e6 3.Nc3 Nc6 4.d4 cxd4 5.Nxd4 Qc7 6.f4 a6 7.Nf3 b5 8.Bd3 Bc5
9.Qe2 Nd4 10.Nxd4 Bxd4 11.Bd2 Bb7 12.Nd1 Nf6 13.a4 O-O 14.e5 Ne8 15.Bxh7+ Kxh7
16.Qd3+ g6 17.Qxd4 Bxg2 18.Rg1 Bf3 19.axb5 Qxc2 20.Nf2 axb5 21.Rc1 Qa4 22.Qe3 Bh5
23.f5 Rh8 24.fxe6 dxe6 25.Ne4 Qa7 26.Qxa7 Rxa7 27.Rc8 Nc7 28.Ng5+ Kg7 29.Rxh8 Kxh8
30.Nxf7+ Kg7 31.Nd6 Ra1+ 32.Kf2 Ra2 33.Bc1 b4 34.Ke1 Ra5 35.Rg5 Nd5 36.Rg3 Ne7
37.Re3 Rd5 38.Bd2 Nc6 39.Nc4 Nd4 40.Kf2  0-1

[Event "Bundesliga 9192"]
[Site "Germany"]
[Date "1992.??.??"]
[Round "?"]
[White "Wolf, Volker"]
[Black "Kurz, Alexander"]
[Result "1-0"]
[WhiteElo "2320"]
[BlackElo "2325"]

1.e4 c5 2.Nc3 e6 3.Nf3 Nc6 4.d4 cxd4 5.Nxd4 Nf6 6.g3 Bc5 7.Nxc6 bxc6 8.e5 Qb6
9.exf6 Bxf2+ 10.Ke2 Bg1 11.Qe1 gxf6 12.Kf3 Bd4 13.Bd3 Bb7 14.Kg2 O-O-O 15.Na4 c5+
16.Be4 Qa6 17.c3 f5 18.Bxb7+ Qxb7+ 19.Kh3 Bf2 20.Qxf2 Qxh1 21.Qxc5+ Qc6 22.Qxa7 Rdg8
23.Bf4 d6 24.Nb6+ Kd8 25.Rd1  1-0

[Event "Bundesliga 9192"]
[Site "Germany"]
[Date "1992.??.??"]
[Round "?"]
[White "Vogt, Lothar"]
[Black "Von Gleich, Alexander"]
[Result "1-0"]
[WhiteElo "2515"]
[BlackElo "2325"]

1.e4 c5 2.Nf3 e6 3.d4 cxd4 4.Nxd4 Nc6 5.Nc3 Qc7 6.g3 d6 7.Bg2 Nxd4 8.Qxd4 Be7
9.O-O Nf6 10.Nb5 Qd7 11.c4 O-O 12.Rd1 Rd8 13.Nxa7 e5 14.Qb6 Qa4 15.Be3 Nd7
16.Qc7 Rxa7 17.Bxa7 Qxa7 18.Rxd6 Rf8 19.Rxd7 Bxd7 20.Qxd7 Bc5 21.Qd2 Bd4
22.a3 Rc8 23.Rc1 Qa6 24.c5 Qa7 25.c6 Rxc6 26.Rxc6 bxc6 27.Qc2 Qa5 28.Bf1 c5
29.Bc4 Qe1+ 30.Kg2 g6 31.a4 Kg7 32.b3 Qc3 33.Qa2 Qe1 34.Qc2 Qc3 35.Qxc3 Bxc3
36.Kf3 f6 37.Ke3 Kf8 38.Kd3 Be1 39.f4 exf4 40.gxf4 Ke7 41.Bg8 h6 42.Kc4 Kd6
43.e5+ fxe5 44.fxe5+ Kxe5 45.Kxc5 Bf2+ 46.Kc6 Be1 47.Kb6 g5 48.a5 g4 49.a6 h5
50.Kc6 Bf2 51.b4 h4 52.b5  1-0

[Event "Bundesliga 9192"]
[Site "Germany"]
[Date "1992.??.??"]
[Round "?"]
[White "Schaefer, Markus"]
[Black "Roese, Oliver"]
[Result "1/2-1/2"]
[WhiteElo "2430"]
[BlackElo "2375"]

1.e4 c5 2.Nf3 e6 3.d4 cxd4 4.Nxd4 Nc6 5.Nc3 a6 6.Be3 Qc7 7.Bd3 Nf6 8.O-O Be7
9.Kh1 d6 10.f4 O-O 11.Qf3 Bd7 12.Qg3 Nb4 13.Rac1 Bc6 14.Nxc6 Qxc6 15.e5 Ne8
16.Be2 Qc7 17.exd6 Bxd6 18.a3 Nc6 19.Ne4 Be7 20.Bd3 Nf6 21.Qh3 Nxe4 22.Bxe4 g6
23.f5 exf5 24.Rxf5 f6 25.Rff1  1/2-1/2

[Event "Bundesliga 9192"]
[Site "Germany"]
[Date "1992.??.??"]
[Round "?"]
[White "Mueller, Mat"]
[Black "Liebert, Heinz"]
[Result "1/2-1/2"]
[WhiteElo "2355"]
[BlackElo "2395"]

1.e4 c5 2.Nf3 Nc6 3.d4 cxd4 4.Nxd4 e6 5.Nc3 a6 6.Be2 Nge7 7.O-O Nxd4 8.Qxd4 Nc6
9.Qd3 Qc7 10.Bg5 b5 11.Rad1 Be7 12.Bxe7 Nxe7 13.Qd4 O-O 14.a4 bxa4 15.Qxa4 Rb8
16.Qa3 Nc6 17.Rd2 Nb4 18.Nb5 axb5 19.Qxb4 Bb7 20.f4 Rfc8 21.Bd3 Qc5+ 22.Qxc5 Rxc5
23.b4 Rc3 24.Ra1 Ra8 25.Rxa8+ Bxa8 26.Kf2 Bc6 27.Ke3 Ra3 28.Kd4 Ra8 29.Kc5 Rc8
30.Kd6 Kf8 31.Rd1 Ra8 32.g3 Ke8 33.Rb1 Kd8 34.e5 Rc8 35.Rb2 Ra8 36.Kc5 Rc8
37.Kd4 Kc7 38.Ra2 Kb6 39.Ra5 Rd8 40.h4 d6 41.exd6 Rxd6+ 42.Ke3 h6 43.Ra3 Rd8
44.Ra5 Re8 45.Kd4 f6 46.Ra1 e5+ 47.fxe5 Rxe5 48.Rf1 Rd5+ 49.Ke3 Re5+ 50.Kd4 Rd5+  1/2-1/2

[Event "Bundesliga 9192"]
[Site "Germany"]
[Date "1992.??.??"]
[Round "?"]
[White "Luther, Thomas"]
[Black "Tischbierek, Raj"]
[Result "1/2-1/2"]
[WhiteElo "2490"]
[BlackElo "2485"]

1.e4 c5 2.Nf3 Nc6 3.d4 cxd4 4.Nxd4 e6 5.Nc3 Qc7 6.Be2 a6 7.O-O Nf6 8.Kh1 Be7
9.f4 d6 10.Be3 O-O 11.Qe1 Nxd4 12.Bxd4 b5 13.e5 dxe5 14.Bxe5 Qb6 15.Bd3 Bb7
16.Qh4 h6 17.Qg3 Rac8 18.Ne4 Ne8 19.Rae1 f5 20.Nd2 Nf6 21.c3 Bd5 22.Bd4 Qb7
23.b3 Bd6 24.Bxf6 Rxf6 25.c4 Bc6 26.Nf3 Rd8 27.Nd4 Be4 28.Bxe4 fxe4 29.cxb5 axb5
30.Qg4 Qd5 31.Rd1 Be7 32.Qe2 b4 33.f5 Qxd4 34.Rxd4 Rxd4 35.g4 exf5 36.gxf5 Rfd6
37.Qb5 Bg5 38.Qe8+ Kh7 39.Re1 e3 40.Kg2 Rg4+ 41.Kf3 Rf4+ 42.Kg3 Rfd4  1/2-1/2

[Event "Bundesliga 9192"]
[Site "Germany"]
[Date "1992.??.??"]
[Round "?"]
[White "Lau, Ralf"]
[Black "Lobron, Eric"]
[Result "1-0"]
[WhiteElo "2480"]
[BlackElo "2575"]

1.e4 c5 2.Nf3 e6 3.d4 cxd4 4.Nxd4 Nc6 5.Nc3 Qc7 6.Be3 Nf6 7.Bd3 Nxd4 8.Bxd4 Bc5
9.Bxc5 Qxc5 10.Qe2 d6 11.f4 e5 12.f5 a6 13.g4 h6 14.O-O-O b5 15.h4 Bb7 16.g5 Nd7
17.Kb1 Nb6 18.gxh6 gxh6 19.Qg4 O-O-O 20.Qg7 b4 21.Ne2 d5 22.exd5 Nxd5 23.Rhe1 Ne3
24.Rc1 Kb8 25.Ng1 Rhg8 26.Qxh6 Ng2 27.Red1 Nf4 28.Qf6 Rd7 29.Re1 e4 30.Qh6 Ng2
31.Rxe4 Bxe4 32.Bxe4 Ne3 33.Qf4+ Ka7 34.Nf3 Nc4 35.Bd3 Nb6 36.Ne5 Rd4 37.Qxd4 Qxd4
38.Nc6+ Kb7 39.Nxd4 Rg4 40.Nf3 Rf4 41.Rf1 Nd5 42.Ng5 Rxh4 43.Nxf7  1-0

[Event "Bundesliga 9192"]
[Site "Germany"]
[Date "1992.??.??"]
[Round "?"]
[White "Hartmann, Gerald"]
[Black "Schlosser, Philipp"]
[Result "1/2-1/2"]
[WhiteElo "2285"]
[BlackElo "2485"]

1.e4 c5 2.Nc3 Nc6 3.Nge2 e6 4.d4 cxd4 5.Nxd4 Qc7 6.Be2 Nf6 7.O-O a6 8.Be3 Be7
9.f4 d6 10.Qe1 Nxd4 11.Bxd4 b5 12.e5 dxe5 13.fxe5 Bc5 14.Bxc5 Qxc5+ 15.Kh1 Nd7
16.Ne4 Qxe5 17.Qb4 Nf6 18.Nd6+ Kd7 19.Nxf7 Qxe2 20.Rae1 Qxc2 21.Qd6+ Ke8
22.Nxh8 Qc4 23.Rc1 Qd5 24.Qg3 Nh5 25.Qc7 Qd7 26.Qe5 Nf6 27.Rxf6 gxf6 28.Qh5+ Kf8
29.Rd1 Qc7 30.Qh6+ Kg8 31.Qxf6 Bb7 32.Ng6 Bxg2+ 33.Kxg2 Qc2+ 34.Kg3 Qxg6+
35.Qxg6+ hxg6 36.Rd7 Rc8 37.Rd6 Kf7 38.Rxa6 Rc2 39.b4 Kf6 40.Rb6 Rxa2 41.Rxb5  1/2-1/2

[Event "Bundesliga 9192"]
[Site "Germany"]
[Date "1992.??.??"]
[Round "?"]
[White "Hartmann, Gerald"]
[Black "Roese, Oliver"]
[Result "0-1"]
[WhiteElo "2285"]
[BlackElo "2375"]

1.e4 c5 2.Nc3 e6 3.Nf3 Nc6 4.d4 cxd4 5.Nxd4 a6 6.Be2 Qc7 7.O-O b5 8.Nxc6 Qxc6
9.e5 Bb7 10.Bf3 Qc7 11.Re1 Ne7 12.Bxb7 Qxb7 13.b3 Nf5 14.Ne4 Be7 15.Bb2 O-O
16.Qf3 Qb6 17.Rad1 Rfd8 18.g4 Nh4 19.Qg3 Rac8 20.Nf6+ Bxf6 21.exf6 g5 22.Re2 d6
23.Bc1 h6 24.Be3 Qc6 25.f4 Qe4 26.fxg5 hxg5 27.Kf2 Rxc2 28.Rxc2 Qxc2+ 29.Rd2 Qg6
30.Rxd6 Qxf6+ 31.Ke2 Rxd6 32.Qxd6 Qf3+ 33.Kd2 Qxg4 34.Qxa6 Nf3+ 35.Kd3 Ne5+
36.Kd2 Qe4 37.Qd6 Nf3+ 38.Ke2 e5 39.Kf2 Nxh2 40.Qd8+ Kh7 41.Qxg5 Ng4+ 42.Ke2 Qxe3+
43.Qxe3 Nxe3 44.Kxe3 b4 45.Ke4 Kg6 46.Kxe5 Kg5  0-1

[Event "Bundesliga 9192"]
[Site "Germany"]
[Date "1992.??.??"]
[Round "?"]
[White "Chandler, Murray G"]
[Black "Teske, Henrik"]
[Result "1/2-1/2"]
[WhiteElo "2605"]
[BlackElo "2395"]

1.e4 c5 2.Nf3 e6 3.d4 cxd4 4.Nxd4 Nc6 5.Nc3 Qc7 6.Be2 a6 7.O-O Nf6 8.Kh1 Nxd4
9.Qxd4 Bc5 10.Qd3 h5 11.f4 Ng4 12.e5 b5 13.Bf3 Bb7 14.a4 b4 15.Bxb7 Qxb7
16.Ne4 Qc6 17.Bd2 Rc8 18.c3 bxc3 19.Bxc3 O-O 20.Rf3 Be7 21.a5 Rfd8 22.Rd1 Qa4
23.f5 Rxc3 24.Nxc3 Qxa5  1/2-1/2

[Event "Bundesliga 9192"]
[Site "Germany"]
[Date "1992.??.??"]
[Round "?"]
[White "Beckemeier, Werner"]
[Black "Roese, Oliver"]
[Result "1/2-1/2"]
[WhiteElo "2380"]
[BlackElo "2375"]

1.e4 c5 2.Nf3 e6 3.d4 cxd4 4.Nxd4 Nc6 5.Nc3 Qc7 6.f4 a6 7.Nxc6 bxc6 8.Bd3 Nf6
9.e5 Nd5 10.Ne4 c5 11.c4 Nb4 12.Bb1 Bb7 13.O-O Rd8 14.Qg4 Bxe4 15.Bxe4 g6
16.Qf3 Be7 17.Bd2 O-O 18.Bc3 Rc8 19.a3 Nc6 20.Bxc6 dxc6 21.Qd1 Rcd8 22.Qa4 Qb7
23.Rad1 Rxd1 24.Rxd1 Rd8 25.Rxd8+ Bxd8 26.Kf2 h6 27.Qd1 Be7 28.g4 Qc8 29.Ke2 Kf8
30.Qd3 Ke8 31.Qh3 Bf8 32.Kd1 Qd7+ 33.Kc2 Qc8 34.Bd2 Qd7 35.Be3 Qe7 36.Bf2 Qd7
37.Qh4 Qe7 38.Qg3 Kd7 39.Qb3 Kc7 40.Qa4 Kb7 41.Qa5 Qc7 42.Qxc7+ Kxc7 43.Bh4 Kc8
44.Kd3 Kd7 45.Bf6 Be7 46.Bg7 h5 47.gxh5 gxh5 48.Ke4 Bh4 49.Kf3 Ke7 50.Kg2 f5
51.exf6+ Bxf6 52.Bxf6+ Kxf6 53.Kf3 Kf5 54.h3 a5 55.a4 e5 56.fxe5 Kxe5 57.Ke3 Kf5
58.Kf3 Ke5 59.Ke3  1/2-1/2

[Event "BL2-W9192"]
[Site "Germany"]
[Date "1992.??.??"]
[Round "?"]
[White "Zude, Erik"]
[Black "Kaeding, Rainer"]
[Result "0-1"]
[WhiteElo "2300"]
[BlackElo "2305"]

1.e4 c5 2.Nf3 e6 3.d4 cxd4 4.Nxd4 Nc6 5.Nc3 Qc7 6.Be2 a6 7.O-O Nf6 8.Be3 Bb4
9.Na4 O-O 10.Nxc6 bxc6 11.Nb6 Rb8 12.Nxc8 Rfxc8 13.Bxa6 Rf8 14.Bd3 Bd6 15.f4 e5
16.Qf3 Rxb2 17.a4 Qa5 18.Kh1 Bc7 19.Qh3 Re8 20.fxe5 Bxe5 21.Bg5 Rb7 22.Bxf6 Bxf6
23.Rad1 Re5 24.Rxf6 gxf6 25.Rf1 Rh5 26.Qg3+ Qg5 27.Qf3 Qe5 28.h3 Ra7 29.Bc4 Rg5
30.Bb3 Kg7 31.Rd1 d6 32.Qe2 Re7 33.Qc4 Qg3 34.Qe2 d5  0-1

[Event "BL2-W9192"]
[Site "Germany"]
[Date "1992.??.??"]
[Round "?"]
[White "Mrva, Martin"]
[Black "Kaeding, Rainer"]
[Result "1-0"]
[WhiteElo "2345"]
[BlackElo "2305"]

1.e4 c5 2.Nf3 e6 3.Nc3 Nc6 4.d4 cxd4 5.Nxd4 Qc7 6.f4 a6 7.Nf3 Bc5 8.a3 b5
9.Qd3 Qb6 10.b4 Bf2+ 11.Ke2 Bb7 12.Bb2 Nd4+ 13.Nxd4 Qxd4 14.Nd1 Bxe4 15.Bxd4  1-0

[Event "BL2-S9192"]
[Site "Germany"]
[Date "1992.??.??"]
[Round "?"]
[White "Weis, Ruediger"]
[Black "Thiel, Thomas"]
[Result "1/2-1/2"]
[WhiteElo "2315"]
[BlackElo "2295"]

1.e4 c5 2.Nf3 e6 3.Nc3 Nc6 4.d4 cxd4 5.Nxd4 Nf6 6.Ndb5 d6 7.Bf4 e5 8.Bg5 a6
9.Na3 b5 10.Bxf6 gxf6 11.Nd5 Bg7 12.Bd3 Ne7 13.Ne3 f5 14.Nxf5 Nxf5 15.exf5 d5
16.c3 e4 17.Be2 b4 18.Qa4+ Bd7 19.Qxb4 Rb8 20.Qc5 Rxb2 21.Rb1 Qe7 22.Qa5 Qxa3
23.Qxa3 Rxb1+ 24.Bd1 Bb5 25.Qc5 Bc4 26.Qc8+ Ke7 27.Qc7+ Ke8  1/2-1/2

[Event "BL2-S9192"]
[Site "Germany"]
[Date "1992.??.??"]
[Round "?"]
[White "Roos, Jean Luc"]
[Black "Kaiser, Dieter"]
[Result "1-0"]
[WhiteElo "2335"]
[BlackElo "2275"]

1.e4 c5 2.Nc3 e6 3.Nge2 Nc6 4.d4 cxd4 5.Nxd4 d6 6.Be2 Nf6 7.O-O Be7 8.Kh1 O-O
9.Nb3 Qc7 10.f4 a6 11.a4 Re8 12.Bf3 Nd7 13.Be3 b6 14.Ne2 Bb7 15.c3 Nc5 16.Nd2 b5
17.a5 Rac8 18.b4 Na4 19.Qb3 d5 20.exd5 exd5 21.Bxd5 Bc5 22.Bxc5 Rxe2 23.Bb6 Nxb6
24.axb6 Qxb6 25.Nf3 Rf8 26.Rae1 Rxe1 27.Rxe1 Nd8 28.f5 Qf6 29.Bxb7 Nxb7 30.Qd5 Nd6
31.Nd4 h6 32.h3 Nc4 33.Ra1 Rd8 34.Qf3 Rd6 35.Re1 Kh7 36.Re8 Rd8 37.Re2 Rc8
38.Qb7 Rd8 39.Qc7 Rd6 40.Re7 Ne5 41.Qb7 h5 42.Qc7 h4 43.Re8 Nc6 44.Qc8 Kh6
45.Rh8+ Kg5 46.Nf3+ Kf4 47.Rxh4+ Kg3 48.Rg4+ Kf2 49.Qc7 Ke2 50.Qb6 Rd1+ 51.Ng1+ Kd2
52.Qf2+ Kxc3 53.Qc5+ Kb2 54.Rf4 Rd2 55.Rf1 Qd6 56.Qc1+ Kb3 57.Qb1+ Ka4 58.Nf3 Rd3
59.Qb2 Ra3 60.Nd2 Nxb4 61.Nb1 Qd3 62.Rc1 Na2 63.Rc2 Qf1+ 64.Kh2 Qf4+ 65.Kg1 Qb4
66.Qxa3+ Qxa3 67.Nxa3 Kxa3 68.f6 g6 69.Rc7 b4 70.Rxf7 b3 71.Rb7 Nb4 72.f7 b2
73.Rxb4  1-0

[Event "BL2-S9192"]
[Site "Germany"]
[Date "1992.??.??"]
[Round "?"]
[White "Maier, Christian"]
[Black "Pfrommer, Christoph"]
[Result "1/2-1/2"]
[WhiteElo "2400"]
[BlackElo "2310"]

1.e4 c5 2.Nf3 e6 3.d4 cxd4 4.Nxd4 Nc6 5.Nc3 d6 6.g4 a6 7.g5 Nge7 8.Nb3 d5
9.Be3 dxe4 10.Qxd8+ Nxd8 11.O-O-O Bd7 12.Bg2 Bc6 13.Nxe4 Nf5 14.Bb6 h6 15.h4 Be7
16.Kb1 Rc8 17.Na5 hxg5 18.hxg5 Rxh1 19.Bxh1 Bxe4 20.Bxe4 Nd6 21.Bg2 Nc6 22.Nxc6 bxc6
23.a4 Nc4 24.Bd4 Bxg5 25.Bxg7 f6 26.f4 Bxf4 27.Bxf6 Ne3 28.Rd2 Kf7 29.Bd4 Nxg2
30.Rxg2 e5 31.Bc3 Rg8 32.Rxg8 Kxg8 33.Ka2 Kf7 34.Kb3 Ke6 35.Kc4 Be3 36.Kd3 Bb6
37.Ke4 Bc7 38.Be1 Bb6 39.Bg3 Bc7 40.Bf2 Bd6 41.Bb6 Kf6 42.c4 Ke6 43.b3 Ba3
44.Bc7 Bb2 45.Bb6  1/2-1/2

[Event "BL2-N9192"]
[Site "Germany"]
[Date "1992.??.??"]
[Round "?"]
[White "Feick, Stefan"]
[Black "Loeffler, Stefan"]
[Result "0-1"]
[WhiteElo "2300"]
[BlackElo "2285"]

1.e4 c5 2.Nf3 e6 3.d4 cxd4 4.Nxd4 Nc6 5.Nc3 Qc7 6.g3 a6 7.Bg2 d6 8.O-O Nf6
9.Re1 Bd7 10.Nxc6 bxc6 11.Na4 Rb8 12.c4 c5 13.Nc3 Be7 14.b3 Bc6 15.Bf4 Nd7
16.Qe2 Ne5 17.Rad1 Bb7 18.Na4 O-O 19.Rd2 Nc6 20.e5 Nd4 21.Qg4 Bxg2 22.Kxg2 Qc6+
23.f3 f5 24.exf6 Rxf6 25.Rxd4 cxd4 26.Rxe6 Re8 27.Be5 h5  0-1

[Event "GER-chTJ"]
[Site "Germany"]
[Date "1992.??.??"]
[Round "2"]
[White "Theissen, Henning"]
[Black "Souleidis, Georgios"]
[Result "1/2-1/2"]
[WhiteElo "2240"]
[BlackElo "2310"]

1.e4 c5 2.Nf3 Nc6 3.Nc3 e6 4.d4 cxd4 5.Nxd4 Nf6 6.Be2 Bb4 7.O-O Bxc3 8.bxc3 Nxe4
9.Bd3 Nxc3 10.Qg4 O-O 11.Bb2 f5 12.Nxf5 exf5 13.Qc4+ d5 14.Qxc3 d4 15.Qc4+ Kh8
16.Rfe1 Qf6 17.c3 Ne5 18.Qxd4 Nxd3 19.Qxd3 Be6 20.Qd4 Qxd4 21.cxd4 Rfe8 22.Re5 Rad8
23.Rae1 Bf7 24.Rxe8+  1/2-1/2

[Event "Giessen op"]
[Site "Giessen"]
[Date "1992.??.??"]
[Round "?"]
[White "Balzar, Andreas"]
[Black "Christ, Ralf"]
[Result "1/2-1/2"]
[WhiteElo "2330"]
[BlackElo "2245"]

1.e4 c5 2.Nf3 Nc6 3.d4 cxd4 4.Nxd4 e6 5.Nc3 Qc7 6.Nxc6 bxc6 7.Bd3 Nf6 8.O-O d5
9.Qe2 Be7 10.Bg5 Nxe4 11.Bxe7 Nxc3 12.Qg4 Kxe7 13.Qxg7 Ba6 14.Qxc3 Bxd3 15.cxd3 Rhg8
16.Rac1 Rac8 17.d4 Rg4 18.f3 Rh4 19.g3 Rh6 20.f4 Qb6 21.Rf2 f5 22.a4 Rg6
23.b4 a6 24.b5 axb5 25.axb5 Kd7 26.Rb2 h5 27.Qb4 e5 28.fxe5 h4 29.bxc6+ Rcxc6
30.Rxc6 Qxc6 31.Qb7+ Qxb7 32.Rxb7+ Kc8 33.Rb3 Rg4 34.Rd3 hxg3 35.hxg3 f4
36.Kf2 fxg3+ 37.Rxg3 Rxd4  1/2-1/2

[Event "Groningen op"]
[Site "Groningen"]
[Date "1992.??.??"]
[Round "6"]
[White "Mikhalchishin, Adrian"]
[Black "Saltaev, Mihail"]
[Result "1/2-1/2"]
[WhiteElo "2515"]
[BlackElo "2465"]

1.e4 c5 2.Nf3 e6 3.d4 cxd4 4.Nxd4 Nc6 5.Nc3 d6 6.Be3 Nf6 7.Bc4 a6 8.Bb3 Bd7
9.f4 b5 10.f5 Nxd4 11.Qxd4 Be7 12.fxe6 Bxe6 13.O-O-O O-O 14.Bxe6 fxe6 15.e5 dxe5
16.Qxe5 Qc8 17.Bd4 Rf7 18.Rhe1 b4 19.Ne4 Qc6 20.Nxf6+ Rxf6 21.Qe4 Qxe4 22.Rxe4 Rg6
23.g3 Rc8 24.Be5 Rc6 25.Rd7 Kf8 26.Rb7 Rg5 27.Rf4+ Ke8 28.Rb8+ Bd8 29.Rd4 Rxe5
30.Rbxd8+ Ke7 31.R8d7+ Kf6 32.Rxb4 Re2 33.c3 Rxh2 34.Rf4+ Kg6 35.Rg4+ Kf6
36.Rf4+ Kg6 37.Rg4+ Kf6 38.Rdxg7 Rh1+ 39.Kd2 Rh2+ 40.Kc1 Rh1+ 41.Kd2 Rh2+
42.Kc1  1/2-1/2

[Event "Guarapuava op"]
[Site "Guarapuava"]
[Date "1992.??.??"]
[Round "?"]
[White "Sousa, Armindo"]
[Black "Ribeiro, Regina"]
[Result "1-0"]
[WhiteElo "2285"]
[BlackElo "2050"]

1.e4 c5 2.Nf3 Nc6 3.Nc3 e6 4.d4 cxd4 5.Nxd4 Qc7 6.Nb3 a6 7.f4 b5 8.a3 d6
9.Bd3 Nf6 10.O-O Be7 11.Bd2 Bb7 12.Kh1 h5 13.Qf3 Ng4 14.a4 b4 15.Na2 a5 16.c3 bxc3
17.Nxc3 Qb6 18.Nb5 Nb4 19.Bxb4 axb4 20.a5 Qd8 21.Rfc1 Rc8 22.a6 Ba8 23.Rxc8 Qxc8
24.Rc1 Qd8 25.Nc7+ Kf8 26.a7 Bf6 27.Ba6 Bxb2 28.Nxe6+ fxe6 29.Rc8 Qxc8 30.Bxc8 Ke7
31.Ba6 Bxe4 32.Qe2 Bc3 33.h3 Bd5 34.Bc4 Nf6 35.Bxd5 Nxd5 36.f5 Be5 37.Qb5 Rc8
38.Qb7+  1-0

[Event "Guarapuava op"]
[Site "Guarapuava"]
[Date "1992.??.??"]
[Round "?"]
[White "Van Riemsdijk, Herman C"]
[Black "Disconzi da Silva, Rodrigo"]
[Result "1/2-1/2"]
[WhiteElo "2425"]
[BlackElo "2290"]

1.e4 c5 2.Nf3 Nc6 3.Nc3 e6 4.d4 cxd4 5.Nxd4 a6 6.g3 Qc7 7.Bg2 d6 8.O-O Bd7
9.Re1 Be7 10.Nxc6 Bxc6 11.a4 Nf6 12.Be3 O-O 13.Bd4 b5 14.axb5 axb5 15.Rxa8 Rxa8
16.e5 dxe5 17.Bxe5 Qb7 18.Bxc6 Qxc6 19.Qe2 b4 20.Ne4 Nxe4 21.Qxe4 Qxe4 22.Rxe4 Rc8
23.Re2 f6 24.Bd4 e5 25.Be3 Kf7 26.Rd2 Ke6 27.Kf1 f5 28.f3 h5 29.h3 Rc4 30.Ke2 g5
31.Kd3 Rc8 32.g4 hxg4 33.hxg4 Rd8+ 34.Ke2 Rxd2+ 35.Bxd2 e4 36.gxf5+ Kxf5
37.b3 exf3+  1/2-1/2

[Event "Haninge"]
[Site "Haninge"]
[Date "1992.??.??"]
[Round "1"]
[White "Hector, Jonny"]
[Black "Kharlov, Andrei"]
[Result "0-1"]
[WhiteElo "2535"]
[BlackElo "2545"]

1.e4 c5 2.Nc3 Nc6 3.Nf3 e6 4.d4 cxd4 5.Nxd4 Nf6 6.Nxc6 bxc6 7.e5 Nd5 8.Ne4 Qc7
9.f4 Qa5+ 10.c3 Ba6 11.Bxa6 Qxa6 12.b3 O-O-O 13.c4 Bb4+ 14.Bd2 Ne3 15.Qe2 Nc2+
16.Kf2 d5 17.exd6 Bxd6 18.Rad1 Nd4 19.Nxd6+ Rxd6 20.Qe5 Rhd8 21.Ba5 f6 22.Qc5 Rd5
23.Rxd4 Rxd4 24.Re1 Rxf4+ 25.Kg1 Rf5  0-1

[Event "Havana-B"]
[Site "Havana"]
[Date "1992.??.??"]
[Round "?"]
[White "Aldama, Degurnay"]
[Black "Lebredo, Gerardo"]
[Result "1-0"]
[WhiteElo "2380"]
[BlackElo "2270"]

1.e4 c5 2.Nf3 e6 3.d4 cxd4 4.Nxd4 Nc6 5.Nc3 a6 6.Be2 Qc7 7.O-O Nf6 8.Be3 Bb4
9.Na4 O-O 10.Nxc6 bxc6 11.f4 Be7 12.Bd3 d6 13.Nb6 Rb8 14.Nxc8 Rfxc8 15.b3 Rd8
16.Qf3 Qa5 17.Kh1 Nd7 18.e5 dxe5 19.Qxc6 Bc5 20.Qf3 Bxe3 21.Qxe3 exf4 22.Qxf4 Ne5
23.Bxa6 Rb4 24.Bc4 Rb7 25.Rad1 Rxd1 26.Rxd1 h6 27.a4 Rc7 28.Bb5 Qc3 29.h3 f6
30.Bc4 Re7 31.Rd8+ Kf7 32.Rc8 Qe1+ 33.Kh2 g5 34.Qg3 Qe4 35.Bd3 Qd4 36.Rh8 f5
37.Rxh6 g4 38.c3 Qxc3 39.Qh4 Nf3+ 40.gxf3 Qd2+ 41.Kg1 Qc1+ 42.Bf1  1-0

[Event "Helsinki Club-ch"]
[Site "Helsinki"]
[Date "1992.??.??"]
[Round "?"]
[White "Pulkkinen, Kari"]
[Black "Kiik, Kalle"]
[Result "1/2-1/2"]
[WhiteElo "2240"]
[BlackElo "2395"]

1.e4 c5 2.Nf3 e6 3.d4 cxd4 4.Nxd4 Nc6 5.Nc3 d6 6.Be2 Nf6 7.O-O Be7 8.Be3 Bd7
9.Kh1 O-O 10.f4 a6 11.a4 Rc8 12.Nb3 Nb4 13.a5 Bc6 14.Bf3 d5 15.e5 Ne4 16.Nd4 Qd7
17.Bg4 f5 18.exf6 Rxf6 19.Nce2 Ba4 20.Rxa4 Qxa4 21.c3 Qxd1 22.Rxd1 Nc6 23.Bxe6+ Rxe6
24.Nxe6 Nxa5 25.Rxd5 Nc4 26.Bc1 Kf7 27.f5 g6 28.N6f4 Nf6 29.fxg6+  1/2-1/2

[Event "Helsinki-ch"]
[Site "Helsinki"]
[Date "1992.??.??"]
[Round "?"]
[White "Pulkkinen, Kari"]
[Black "Kanko, Ilkka"]
[Result "0-1"]
[WhiteElo "2240"]
[BlackElo "2280"]

1.e4 c5 2.Nf3 e6 3.d4 cxd4 4.Nxd4 Nc6 5.Nc3 a6 6.Be2 Qc7 7.O-O Nf6 8.Be3 Be7
9.f4 d6 10.Qe1 O-O 11.Qg3 Re8 12.Kh1 Bd7 13.e5 Nd5 14.Nf5 g6 15.exd6 Bxd6
16.Nxd6 Qxd6 17.Ne4 Qb4 18.c4 Qxb2 19.cxd5 exd5 20.Rab1 Qxe2 21.Nf6+ Kg7
22.Rbe1 Rxe3 23.Nh5+ Qxh5 24.Rxe3 d4 25.Rb3 b5 26.f5 Bxf5 27.Rbf3 Be6 28.Qc7 Qd5
29.Ra3 Ne5 30.Qe7 d3 31.Rc3 d2  0-1

[Event "Helsinki op"]
[Site "Helsinki"]
[Date "1992.??.??"]
[Round "2"]
[White "Arakhamia, Ketevan"]
[Black "Ye Jiangchuan"]
[Result "1/2-1/2"]
[WhiteElo "2435"]
[BlackElo "2545"]

1.e4 c5 2.Nf3 e6 3.d4 cxd4 4.Nxd4 Nc6 5.Nc3 Qc7 6.Be2 a6 7.O-O Nf6 8.Be3 Be7
9.f4 d6 10.Kh1 O-O 11.a4 Re8 12.Bd3 Nb4 13.a5 Bd7 14.Nf3 Bc6 15.Qe1 Nd7 16.Bd4 e5
17.fxe5 dxe5 18.Qg3 Nxd3 19.cxd3 Bc5 20.Nh4 Qd8 21.Nf5 Qf6 22.Be3 Bxe3 23.Qxe3 Nf8
24.Rf3 Kh8 25.Raf1 Qe6 26.d4 exd4 27.Nxd4 Qc4 28.Rxf7 Ng6 29.Nxc6 bxc6 30.h3 Ne5
31.R7f5 h6 32.Rd1 Rab8 33.Qg3 Qe6 34.Ne2 Qb3 35.Nc3 Qe6 36.Ne2 Qb3 37.Nc3  1/2-1/2

[Event "Helsinki op"]
[Site "Helsinki"]
[Date "1992.??.??"]
[Round "2"]
[White "Durao, Joaquim"]
[Black "Beshukov, Sergei"]
[Result "0-1"]
[WhiteElo "2220"]
[BlackElo "2500"]

1.e4 c5 2.Nf3 Nc6 3.Nc3 e6 4.d4 cxd4 5.Nxd4 Nf6 6.f4 Bb4 7.e5 Nd5 8.Qd3 d6
9.Nxc6 bxc6 10.Bd2 dxe5 11.fxe5 Qh4+ 12.g3 Qh5 13.Qe4 Rb8 14.Bd3 O-O 15.O-O f5
16.exf6 Nxf6 17.Qg2 e5 18.Be2 Qh3 19.Qxc6 Bb7 20.Qc4+ Kh8 21.Bf3 Bxf3 22.Rxf3 Ng4
23.Qe2 Rxf3  0-1

[Event "FIN-ch"]
[Site "Helsinki"]
[Date "1992.??.??"]
[Round "3"]
[White "Ebeling, Mika"]
[Black "Hakulinen, Esko Matti"]
[Result "1/2-1/2"]
[WhiteElo "2345"]
[BlackElo "2310"]

1.e4 c5 2.Nf3 e6 3.d4 cxd4 4.Nxd4 Nc6 5.Nc3 d6 6.g4 a6 7.Be3 Qc7 8.Qe2 Nxd4
9.Bxd4 Ne7 10.O-O-O b5 11.Bg2 Bb7 12.f4 Rc8 13.f5 Nc6 14.g5 Nxd4 15.Rxd4 Qc5
16.Rd2 Qe5 17.h4 Be7 18.Qg4 Rc4 19.fxe6 fxe6 20.Bf1 Rc7 21.Bd3 g6 22.Rf1 Rf8
23.Rdf2 Rxf2 24.Rxf2 Bf8 25.Rf6 Bc8 26.Qf4 Qxf4+ 27.Rxf4 Bg7 28.Nd1 h6 29.Kd2 hxg5
30.hxg5 Rc5 31.Rg4 Rxg5 32.Rxg5 Bh6 33.e5 Bxg5+ 34.Ke2 d5 35.Bxg6+ Kf8 36.Kf3 Bd7
37.Kg4 Bc1 38.c3 Bc6 39.Kg3 a5 40.a3 Ke7 41.Bh5 Kf8 42.Bg4 Kf7 43.Bh5+ Kg7
44.Kg4 Bd7 45.Kf3 Kh6 46.Kg4 Kg7 47.Kf3 Kf8 48.Kg3 Be8 49.Be2 Ke7 50.Kg4 Kd8
51.Bd3 Kc7 52.Bh7 Bf7 53.Bc2 a4 54.Bd3 Kb6 55.Be2 Kc6 56.Kh4 Bf4 57.Bd3 Bxe5
58.Kg4 Be8 59.Ne3 Kd6 60.Nc2 Kc5 61.Kf3 Bf6 62.Ke2 e5 63.Ne3 Bg5 64.Bc2 Bh5+
65.Kf2 d4 66.cxd4+ exd4 67.Ng2 Kc4 68.Ne1 Bh4+ 69.Kf1 Bg3 70.Bd3+ Kc5 71.Bc2 Bg4
72.b3 axb3 73.Bxb3 Kb6 74.Nd3 Ka5 75.Nc5 Bf3 76.Bc2 Bd5  1/2-1/2

[Event "Helsinki op"]
[Site "Helsinki"]
[Date "1992.??.??"]
[Round "3"]
[White "Pakkanen, Jukka"]
[Black "Kuporosov, Viktor"]
[Result "0-1"]
[WhiteElo "2330"]
[BlackElo "2510"]

1.e4 c5 2.Nf3 e6 3.d4 cxd4 4.Nxd4 Nc6 5.Nc3 Qc7 6.g3 a6 7.Bg2 Nf6 8.O-O Be7
9.a4 O-O 10.Nxc6 bxc6 11.Bf4 d6 12.a5 Bb7 13.Qd2 Rad8 14.b4 Ng4 15.Na4 Ne5
16.Rfd1 Bf6 17.Rab1 c5 18.bxc5 dxc5 19.Qc3 c4 20.Nb6 Rxd1+ 21.Rxd1 Qc5 22.Be3 Qb5
23.Qa3 h6 24.h3 c3 25.Bc5 Qe2 26.Rf1 Rd8 27.Qxc3 Rd1 28.Qe3 Nf3+ 29.Qxf3 Rxf1+
30.Kh2 Qxf3 31.Bxf3 Bc3 32.Nc4 Rc1 33.Nd6 Bc6 34.Be2 Rxc2 35.Bd3 Ra2 36.Nc4  0-1